000 00919nam a2200253Ia 4500
003 OSt
005 20221005112621.0
006 a|||||r|||| 00| 0
007 ta
008 221004b |||||||| |||| 00| 0 pan d
020 _a8171422403 (hbk)
_c150
024 _a26928
037 _b979, 16/12/2015, H.K. Prakashan
_cTextual
040 _aCRL
_cCRL
_bpan
041 _2pan
_apan
082 _aP153:4, 153P7
100 _aਰਵਿੰਦਰ ਕੁਮਾਰ, ਥਦ.
245 0 _aਪੰਜਾਬੀ ਕੋFਕਾਰੀ
_b ਚੁਣੌਤੀਆਂ ਅਤੇ ਸੰਭਾਵਨਾਵਾਂ
260 _aਚੰਡੀਗੜ੍ਹ
_bਲੋਕਗੀਤ ਭਾਰਤ
_c2007
300 _a111ਪੰ
_ccm.
650 _aਪੰਜਾਬੀ ਭਾFਾ
942 _hP153:4, 153P7
_cTEXL
_2cc
999 _c1025422
_d1025422